000 00717nam a2200253Ia 4500
003 OSt
005 20221007072129.0
006 a|||||r|||| 00| 0
007 ta
008 221006b |||||||| |||| 00| 0 eng d
024 _a5,652
037 _cTextual
040 _aFLL
_cFLL
_beng
041 _2eng
_aeng
082 _aZ3:9298, J2
100 _aGriffth J.A.G. Au.
_9690116
245 0 _aPrinciples of administrative law
260 _aLondon
_bPitman & sons ltd London
_c1952
300 _axxxiii,316p
_ccm.
650 _aAdministrative law
_9681514
700 _a Street H. Au.
_9689445
942 _hZ3:9298, J2
_cTEXL
_2CC
999 _c1145270
_d1145270